header

IBM Lotus Notes and Domino 8.5.3 (Record no. 233213)

MARC details
000 -LEADER
fixed length control field 01587nam a2200385 a 4500
100 1# - MAIN ENTRY--AUTHOR NAME
Personal name Speed, Tim.
245 10 - TITLE STATEMENT
Title IBM Lotus Notes and Domino 8.5.3
260 ## - PUBLICATION, DISTRIBUTION, ETC. (IMPRINT)
Place of publication Birmingham [England] :
Name of publisher Packt Enterprise,
Year of publication 2012.
300 ## - PHYSICAL DESCRIPTION
Number of Pages ix, 334 p. :
Other physical details ill.
500 ## - GENERAL NOTE
General note Includes index.
General note "Professional experience distilled"--Cover.
650 #0 - SUBJECT ADDED ENTRY--TOPICAL TERM
Topical Term Business
Topical Term Computer software
Topical Term Groupware (Computer software)
Topical Term Database management
Topical Term Web sites
700 1# - ADDED ENTRY--PERSONAL NAME
Personal name Rosen, Barry.
Personal name O'Keefe, Scott.
856 40 - ELECTRONIC LOCATION AND ACCESS
Uniform Resource Identifier http://site.ebrary.com/lib/rucke/Doc?id=10529551

No items available.

© 2026 Rongo University
Contact us: librarian | system librarian | Rongo university